000
00255nam a2200097Ia 4500
008
190216s9999||||xx |||||||||||||| ||und||
100
_a
Sivadasa Sinh
245
0
_a
Electronic Gadana Gunadarmangal Avarthanathayil
260
_b
Kerala Basha Inst
942
_c
BK
999
_c
37701
_d
37701